000 01025cam a22003257a 4500
003 CHAP
005 20220329135457.0
008 971013s1982 ve a r 00010 spa d
010 _a37216
011 _a38188
035 _a42308
040 _cCHAP
090 _aFolleto 7520
100 0 0 _aOsorio, Jorge A.
_984247
245 1 3 _aLa broca del café
260 _aCaracas :
_bDirección de Sanidad Vegetal,
_c1982
300 _a14 p.
_b: ilus.
490 0 _aInsectos cuarentenarios para Venezuela
_v; 1
590 _aBATCH-UPD
_b10
_c20130109
_lUCH01
_h2348
590 _aBATCH-UPD
_b10
_c20130110
_lUCH01
_h0853
590 _aBATCH-UPD
_b10
_c20130410
_lUCH01
_h0525
590 _aBATCH-UPD
_b10
_c20130914
_lUCH01
_h0808
590 _aCONVERSION
_b10
_c20130109
_lUCH01
_h1321
650 1 4 _aCafé
_xEnfermedades.
_917136
650 1 4 _aStephanoderes hampei.
_9109658
830 0 _aInsectos cuarentenarios para Venezuela
_v; 1
_958957
901 _aBK
942 _cFOLL
949 _aFolleto 7520
_bBC
_cFOLL
_d-97445
_eTS1
_i42308
_si
999 _c37216
_d37216